|
|
|
|
| LEADER |
00000nam0a2200000 4500 |
| 001 |
116541 |
| 005 |
20231101215332.0 |
| 010 |
|
|
|a 5743316961
|
| 035 |
|
|
|a (RuTPU)RU\TPU\book\126122
|
| 090 |
|
|
|a 116541
|
| 100 |
|
|
|a 20070523d2006 k y0rusy50 ca
|
| 101 |
0 |
|
|a rus
|
| 102 |
|
|
|a RU
|
| 105 |
|
|
|a y z 100zy
|
| 200 |
1 |
|
|a Инновационные подходы в логистике
|e сборник научных трудов межвузовской научно-практической конференции, состоявшейся 14 апреля 2006 г., Саратов
|f Саратовский государственный технический университет; под ред. В. Г. Санкова
|
| 210 |
|
|
|a Саратов
|c Изд-во Саратовского ГТУ
|d 2006
|
| 215 |
|
|
|a 207 с.
|
| 330 |
|
|
|a Сборник научных трудов подготовлен по материалам межвузовской научно-практической конференции, состоявшейся 14 апреля 2006 г. Рассмотрены инновационные подходы в логистике, теоретические, методологические и практические аспекты логистического и инновационного менеджмента на предприятиях различных отраслей экономики в условиях формирования рыночных отношений.Сборник предназначен для преподавателей, научных и практических работников, студентов, аспирантов.
|
| 606 |
1 |
|
|a Логистика
|x Логистические стратегии
|2 stltpush
|3 (RuTPU)RU\TPU\subj\36364
|9 57772
|
| 610 |
1 |
|
|a экономика
|
| 610 |
1 |
|
|a логистика
|
| 610 |
1 |
|
|a логистический менеджмент
|
| 610 |
1 |
|
|a инновации
|
| 610 |
1 |
|
|a логистические системы
|
| 610 |
1 |
|
|a конференции
|
| 686 |
|
|
|a У9(2)40л0
|v LBC/SL-A
|2 rubbk
|
| 702 |
|
1 |
|a Санков
|b В. Г.
|4 340
|
| 712 |
0 |
2 |
|a Саратовский государственный технический университет
|2 stltpush
|3 (RuTPU)RU\TPU\col\95
|
| 712 |
1 |
2 |
|a Инновационные подходы в логистике
|c конференция
|e Саратов
|f 2006
|
| 801 |
|
1 |
|a RU
|b 63413507
|c 20070523
|g PSBO
|
| 801 |
|
2 |
|a RU
|b 63413507
|c 20211027
|g PSBO
|
| 942 |
|
|
|c BK
|